banner koha

(Registro n. 258895)

MARC details
000 -LÍDER
campo de controle de tamanho fixo 01187nas a2200409 4500
001 - NÚMERO DE CONTROLE
campo de controle BR2022000028
003 - IDENTIFICADOR DO NÚMERO DE CONTROLE
campo de controle BR-BrBNA
005 - DATA E HORÁRIO DA ÚLTIMA TRANSAÇÃO
campo de controle 20231205132155.0
007 - CAMPO FIXO DE DESCRIÇÃO FÍSICA--INFORMAÇÃO GERAL
campo de controle de tamanho fixo ta
008 - CAMPO DE DADOS FIXOS--INFORMAÇÃO GERAL
campo de controle de tamanho fixo 230509b bl.|||p| |||| 00| 00por d
040 ## - FONTE DA CATALOGAÇÃO
Instituição da catalogação original BR-BrBNA
Idioma da catalogação por
Instituição que transcreveu o registro Biblioteca Nacional de Agricultura
041 ## - CÓDIGO DE IDIOMA
Código do idioma do texto/trilha sonora ou título diferente (En)
072 ## - CÓDIGO DE CATEGORIA DE ASSUNTO
Código de Categoria de Assunto K10
100 1# - ENTRADA PRINCIPAL--NOME PESSOAL
Nome pessoal Aryal, D.R.
100 1# - ENTRADA PRINCIPAL--NOME PESSOAL
Nome pessoal Corzo, R.R.
100 1# - ENTRADA PRINCIPAL--NOME PESSOAL
Nome pessoal Cruz, A.L.
100 1# - ENTRADA PRINCIPAL--NOME PESSOAL
Nome pessoal Sanabria, C.V.
100 1# - ENTRADA PRINCIPAL--NOME PESSOAL
Nome pessoal Castro, H.G.
100 1# - ENTRADA PRINCIPAL--NOME PESSOAL
Nome pessoal Hernández, F.G.
100 1# - ENTRADA PRINCIPAL--NOME PESSOAL
Nome pessoal Ruiz, R.P.
100 1# - ENTRADA PRINCIPAL--NOME PESSOAL
Nome pessoal Venegas, J.A.V.
100 1# - ENTRADA PRINCIPAL--NOME PESSOAL
Nome pessoal Coss, A, L. de
100 1# - ENTRADA PRINCIPAL--NOME PESSOAL
Nome pessoal Ruiz, D.M.
100 1# - ENTRADA PRINCIPAL--NOME PESSOAL
Nome pessoal Chi, I.E.
245 1# - TÍTULO
Restante do título Biomass accumulation in forests with high pressure of fuelwood extraction in Chiapas, Mexico
650 ## - ASSUNTO--TERMO TÓPICO
Cabeçalho tópico ou nome geográfico FLORESTA TROPICAL
650 ## - ASSUNTO--TERMO TÓPICO
Cabeçalho tópico ou nome geográfico CARVALHO
650 ## - ASSUNTO--TERMO TÓPICO
Cabeçalho tópico ou nome geográfico PINHEIRO
650 ## - ASSUNTO--TERMO TÓPICO
Cabeçalho tópico ou nome geográfico LENHA
650 ## - ASSUNTO--TERMO TÓPICO
Cabeçalho tópico ou nome geográfico BIOMASSA
650 ## - ASSUNTO--TERMO TÓPICO
Cabeçalho tópico ou nome geográfico PESQUISA FLORESTAL
650 ## - ASSUNTO--TERMO TÓPICO
Cabeçalho tópico ou nome geográfico MÉXICO
773 0# - ENTRADA ANALÍTICA
Título Revista Árvore (Brazil)
ISSN - International Standard Serial Number ISSN 1806-9088
Partes relacionadas (2018), v. 42(3) p. 1-9
Número de controle do registro BR2022000028
856 40 - LOCALIZAÇÃO ELETRÔNICA E ACESSO
Uniform Resource Identifier <a href="https://www.scielo.br/j/rarv/a/J9T68gRnJJVBN6d94XCvp5P/?format=pdf<br/>lang=en">https://www.scielo.br/j/rarv/a/J9T68gRnJJVBN6d94XCvp5P/?format=pdf<br/>lang=en</a>
909 ## -
-- 202311
-- Lúcia
-- 55
-- Lúcia Elande
942 ## - ELEMENTOS DE ENTRADA ADICIONADOS (KOHA)
Fonte da classificação ou esquema de arquivamento na estante Classificação AGRIS
Ocultar no OPAC Não
Tipo de material Koha Analítica
Exemplares
Situação do descarte Fonte da classificação ou esquema de arquivamento na estante Situação física Não pode ser emprestado Biblioteca de origem Biblioteca atual Localização na estante Enumeração do periódico / cronologia Total de empréstimos Data de último acesso Número do exemplar Tipo de material Koha Fonte de aquisição
  Classificação AGRIS   Consulta local Biblioteca Nacional de Agricultura - Binagri Biblioteca Nacional de Agricultura - Binagri   (2018), v. 42(3) p. 1-9   29/11/2023 01 Periódicos Portaria Interministerial nº 164/94

BINAGRI

Telefone: (61)3218-2567/2388/3357/2097 - binagri@agro.gov.br

Ministério da Agricultura e Pecuária , Esplanada dos Ministérios, Bloco D, Anexo B, Brasília/DF, CEP: 70.043-900